[Event "ICS Rated blitz match"]
[Site "204.178.125.65"]
[Date "1999.11.17"]
[Round "?"]
[White "Hossa"]
[Black "Gregorio"]
[Result "0-1"]
[WhiteElo "2441"]
[BlackElo "2865"]
[PlyCount "154"]
[EventDate "1999.??.??"]

1. e4 e6 2. d4 d5 3. Bd3 dxe4 4. Bxe4 c5 5. Ne2 Nf6 6. Bf3 Nc6 7. c3 cxd4 8.
cxd4 Qb6 9. O-O Be7 10. b3 O-O 11. Ba3 Nd5 12. Bxe7 Ndxe7 13. Na3 Rd8 14. Nc4
Qa6 15. Bxc6 Nxc6 16. Re1 b5 17. Ne3 Qb6 18. Nc2 b4 19. Qd2 Ba6 20. Rad1 Rd7
21. Ng3 Rad8 22. Re4 Bb7 23. Qd3 e5 24. d5 Ba6 25. Qd2 Rxd5 26. Qxd5 Rxd5 27.
Rxd5 f6 28. Nf5 Bc8 29. Nd6 Be6 30. Rd2 Qa5 31. Ne1 Qc5 32. Nf3 Ne7 33. Nc4 Bd5
34. Ree2 Nc6 35. Re1 Bxf3 36. gxf3 Nd4 37. Rd3 g5 38. Kh1 Qc8 39. Red1 Qh3 40.
Nd2 Ne2 41. Rd8+ Kf7 42. Re1 e4 43. fxe4 Ke7 44. Rxe2 Kxd8 45. Re3 Qh4 46. Rf3
Ke7 47. Kg2 h5 48. Kg1 a6 49. Kg2 Ke6 50. Kg1 a5 51. Kg2 Ke7 52. Kg1 Qg4+ 53.
Kf1 h4 54. Ke2 Ke6 55. Kf1 h3 56. Ke2 Qg2 57. Nf1 g4 58. Rd3 Ke5 59. Rg3 Kf4
60. Ne3 Qxh2 61. Nxg4 Qxg3 62. fxg3+ Kxg4 63. Kf2 h2 64. Kg2 h1=Q+ 65. Kxh1
Kxg3 66. Kg1 Kf3 67. Kf1 Kxe4 68. Ke2 f5 69. Kf2 f4 70. Kg2 Ke3 71. Kh3 f3 72.
Kg4 f2 73. Kg3 f1=Q 74. Kg4 Qf6 75. a4 Qg6+ 76. Kh4 Kf3 77. Kh3 77... Qh6# {
Hossa checkmated} 0-1

[Event "ICS rated blitz match"]
[Site "204.178.125.65"]
[Date "1999.11.17"]
[Round "?"]
[White "izirom"]
[Black "Hossa"]
[Result "0-1"]
[WhiteElo "2085"]
[BlackElo "2438"]
[PlyCount "100"]
[EventDate "1999.??.??"]

1. e4 c5 2. Nf3 e6 3. d4 cxd4 4. Nxd4 a6 5. c4 Nf6 6. Bd3 Bb4+ 7. Bd2 Qb6 8.
Bxb4 Qxb4+ 9. Qd2 Qxd2+ 10. Nxd2 d6 11. O-O Nc6 12. Nxc6 bxc6 13. f4 Rb8 14. b3
Nd7 15. Bc2 e5 16. Rad1 exf4 17. Rxf4 Ne5 18. Rff1 Ng4 19. Rfe1 Ke7 20. Nf3 Bb7
21. h3 Ne5 22. Nxe5 dxe5 23. c5 Rhd8 24. Bd3 a5 25. Bc4 Rd4 26. Rxd4 exd4 27.
Kf2 Rd8 28. Rd1 Bc8 29. Kf3 h5 30. e5 Bf5 31. Kf4 g6 32. g4 Bc8 33. gxh5 gxh5
34. h4 Bg4 35. Rd2 f6 36. Ke4 f5+ 37. Kf4 Rd7 38. Kg5 Rd8 39. Be2 Ke6 40. Bxg4
hxg4 41. h5 d3 42. h6 Kxe5 43. h7 Ke4 44. Kg6 Ke3 45. Rh2 d2 46. Rh1 g3 47.
Kxf5 Ke2 48. Kg4 g2 49. Rg1 d1=Q 50. Rxd1 50... Kxd1 {izirom resigns} 0-1

[Event "ICS rated blitz match"]
[Site "204.178.125.65"]
[Date "1999.11.17"]
[Round "?"]
[White "izirom"]
[Black "Hossa"]
[Result "0-1"]
[WhiteElo "2077"]
[BlackElo "2446"]
[PlyCount "72"]
[EventDate "1999.??.??"]

1. e4 c5 2. Nf3 e6 3. d4 cxd4 4. Nxd4 a6 5. c4 Nf6 6. Bd3 Bb4+ 7. Bd2 Qb6 8.
Bxb4 Qxb4+ 9. Qd2 Qxd2+ 10. Nxd2 d6 11. O-O Nc6 12. N2b3 Ne5 13. Rad1 Nxd3 14.
Rxd3 Nxe4 15. Nf3 Ke7 16. Rfd1 b5 17. cxb5 axb5 18. a3 Ba6 19. Rd4 d5 20. Ne5
Rhc8 21. Nd2 Nxd2 22. R4xd2 Rc7 23. Nd3 Rac8 24. Nb4 Bb7 25. h4 Rc1 26. Rxc1
Rxc1+ 27. Kh2 Kd6 28. h5 e5 29. g4 Rf1 30. g5 d4 31. Kg3 Rg1+ 32. Kh4 Bf3 33.
Rc2 Rg4+ 34. Kh3 Rxg5 35. h6 gxh6 36. Rc6+ 36... Bxc6 {izirom resigns} 0-1

[Event "ICS rated blitz match"]
[Site "204.178.125.65"]
[Date "1999.11.17"]
[Round "?"]
[White "Hossa"]
[Black "izirom"]
[Result "0-1"]
[WhiteElo "2449"]
[BlackElo "2074"]
[Annotator "Hiarcs 7.32 (22s)"]
[PlyCount "116"]
[EventDate "1999.??.??"]

1. e4 1... c5 {Opening = B56 - 5.Nc3(Nc6 6.---)} 2. Nf3 d6 3. d3 $11 (3. Bc4
Nc6 4. d4 cxd4 5. Nxd4 Nf6 6. Nc3 g6 7. Bb5 (7. O-O Bg7 8. h3 (8. Nxc6 bxc6 9.
f4 Ng4 10. Qf3 Bd4+ 11. Kh1 h5 12. Ne2 Bc5 13. Bd2 e6 14. h3 Qb6 15. Bc3 Rh7
16. f5 gxf5 17. exf5 e5 18. Ng3 Ne3 19. Nxh5 Qd8 20. Bxe5 dxe5 21. Qxc6+ Bd7
22. Nf6+ 22... Ke7 {
Lysova,O-Echeverria,G/WchJW-U14 Szeged 1994/TD 94\01/1-0 (40)}) 8... O-O 9. Bb3
Nd7 10. Be3 Nb6 11. Nd5 e6 12. Nxb6 axb6 13. c4 Na5 14. Qd3 Bd7 15. Bc2 Rc8 16.
b3 d5 17. exd5 exd5 18. cxd5 Rc5 19. Rad1 Rxd5 20. Qe2 Bxd4 21. Bxd4 21... Bb5
{Jicman,L-Cretu,A/ROM-chW 1992/TD 93\02/1/2-1/2 (55)}) (7. Be3 Bd7 8. O-O Bg7
9. Qd2 O-O 10. f4 Rc8 11. Rad1 a6 12. Bb3 Re8 13. f5 Ne5 14. Bh6 Nc4 15. Bxc4
Rxc4 16. Bxg7 Kxg7 17. Qd3 Rc8 18. Rf3 e5 19. Nb3 Bc6 20. Kh1 d5 21. exd5 Bxd5
22. Rff1 Bc4 23. Qxd8 Rexd8 24. Rf2 Rxd1+ 25. Nxd1 Rd8 26. Nc3 b5 27. h3 b4 28.
Na4 Ne4 29. Rf3 Be2 30. Re3 Bb5 31. Rxe4 Bxa4 32. fxg6 Bxb3 33. axb3 hxg6 34.
Rxe5 Rd2 35. Rc5 Rd1+ 36. Kh2 Rb1 37. Ra5 Rxb2 38. Rxa6 Rxc2 39. Rb6 Rb2 40.
Rb5 Kf8 41. Rb7 Ke8 42. h4 f5 43. Kg3 g5 44. Kf3 Kd8 45. Rb5 Rxb3+ 46. Ke2 f4
47. hxg5 {1-0 Rohackova,V-Kos,V/WchJW-U10 St.Lorenzo 1995/JUN 95 (47)}) (7. Bg5
Bg7 8. Nde2 O-O 9. Qd2 Bd7 10. h4 Rc8 11. h5 Nxh5 12. Bh6 Qa5 13. Bxg7 Kxg7 14.
Ng3 h6 15. Bd5 e6 16. Rxh5 gxh5 17. Nxh5+ Kg6 18. Nf4+ Kh7 19. Bb3 Qe5 20.
O-O-O Na5 21. Rh1 21... Nxb3+ {Braun,M-Bauer,M/BL2-S 1990/BL2/1-0 (41)}) 7...
Bd7 8. Be3 Bg7 9. O-O O-O 10. Nb3 a6 11. Bxc6 Bxc6 12. Qd3 b5 13. a3 Rc8 14. f4
Qc7 15. Bd4 Qb7 16. Na5 Qc7 17. Nxc6 17... Qxc6 {
Garbuz,D-Popovic,J/EU-chJW U10 Herculane 1994/TD 94\01/1/2-1/2 (31)}) (3. d4
cxd4 4. Nxd4 4... e5 $14) 3... Nc6 4. d4 cxd4 5. Nxd4 Nf6 6. Nc3 6... g6 {
Sichert f5} 7. Bc4 $11 (7. Bb5 7... Bd7 $14) 7... Bg7 8. Nxc6 8... bxc6 {
Deckt b5} 9. O-O O-O 10. Be2 (10. Be3 Ng4 11. Bd2 11... Ne5 $11) 10... d5 11.
e5 Nd7 12. f4 Qb6+ 13. Rf2 e6 (13... f6 14. Bf3 e6 15. Na4 $11) 14. Na4 Qa5 15.
c4 Ba6 16. Bd2 Qc7 17. cxd5 Bxe2 18. Qxe2 18... cxd5 {
Weiss entwickelt Drohungen in der offenen c-Linie} 19. Rc1 Qb7 20. Be3 Rfc8 21.
Nc5 Nxc5 22. Bxc5 a5 23. Rc3 a4 24. Qg4 $17 (24. Qe3 $11 $142 {
damit waere Weiss im Spiel geblieben}) 24... Qb5 25. Bd4 25... Rc4 $14 (25...
Rxc3 $142 26. Bxc3 26... Qc4 $17) 26. Qe2 Qc6 27. Rxc4 dxc4 28. Qc2 Qb5 29. Rf3
$11 (29. Qc1 29... a3 $11) 29... Bf8 $14 {Schwarz plant a3} (29... Rd8 30. Bf2
$11) 30. Rc3 {Uebt Druck auf den Isolani c4 aus} 30... Rc8 31. Kh1 $15 (31. Qc1
$5 $14 {ist zu erwaegen}) 31... Bb4 32. Rf3 32... Rc6 $14 (32... Rd8 $5 {
sieht spielbar aus} 33. Be3 a3 34. bxa3 34... Bxa3 $15) 33. Bg1 a3 34. bxa3
34... Bc5 $16 (34... Ba5 35. Be3 $14) 35. Qd1 $11 (35. Bxc5 $5 $142 35... Rxc5
36. Rc3 $14) 35... Bxg1 {Schwarz geht zum Angriff ueber} 36. Kxg1 Qd5 37. Qc1
37... Qc5+ {Jetzt haengt c3 in der Luft} 38. Kh1 $17 (38. Re3 $5 {
kommt in Betracht} 38... c3 39. Kf2 $15) 38... c3 39. h3 c2 40. Rb3 $4 $19 {
vergroessert seine Probleme} (40. Kh2 $17 $142) 40... Kg7 (40... Qd4 $142 {
und nichts geht mehr} 41. Rf3 Qd1+ 42. Rf1 Qxf1+ 43. Qxf1 c1=Q 44. Qxc1 Rxc1+
45. Kh2 45... Rc2 $19) 41. Rd3 Qf2 (41... Qc4 42. Re3 Qxf4 43. Re1 $19) 42. Kh2
Qe2 43. Rd7 (43. Rd8 $19 $142) 43... Qc4 (43... Qb5 {
und Schwarz haette es noch leichter} 44. f5 {
ob er will oder nicht, Weiss muss Material hergeben} 44... Qxe5+ 45. Kg1 Qxf5
46. Rd2 $19) 44. Rd6 Rc7 45. Rb6 $4 {
auch bessere Zuege haetten die Partie nicht gerettet.} (45. Rd8 $19) 45... Qc3
$17 (45... Qd5 $142 {und Schwarz ist direkt am Ziel} 46. Rd6 46... Qb5 $19) 46.
Kh1 $4 $19 {damit ist die Partie vorbei} (46. Rd6 $17 $142) 46... Qd3 $1 {
entscheidend} 47. a4 (47. Rd6 {der letzte Widerstandsversuch} 47... Qb5 48. Rd1
cxd1=Q+ 49. Qxd1 $19) 47... Qd1+ 48. Qxd1 cxd1=Q+ 49. Kh2 49... Rc1 $1 {
die Pointe} 50. Rb3 50... Qg1+ $19 (50... h5 51. Rd3 $5 51... Qg1+ 52. Kg3 Qe1+
53. Kf3 Rc2 54. a3 Qe2+ 55. Kg3 Qf2+ 56. Kh2 Qxg2#) 51. Kg3 Re1 (51... Rc2 52.
a3 Rxg2+ 53. Kf3 Rg3+ 54. Ke4 Rxb3 55. a5 Qe3#) 52. Rb7 (52. a3 {
aendert nichts am Ausgang der Partie} 52... Re2 $1 {triumphiert} 53. Kg4 Rxg2+
54. Kf3 Rg3+ 55. Ke4 Rxb3 56. a5 Qe3#) 52... Qf1 $19 (52... Re3+ 53. Kh4 Qf2+
54. Kg5 Qg3#) 53. Rb3 Re2 54. Kh4 54... Rxg2 $1 {ist die Ueberraschung!} 55.
Rf3 Qxf3 56. a3 (56. f5 {nuetzt auch nichts mehr} 56... Qg3#) 56... Rg3 (56...
Qxf4#) 57. f5 Rxh3+ (57... Qf4#) 58. Kg5 h6# (58... Qxf5#) 0-1

[Event "ICS rated blitz match"]
[Site "204.178.125.65"]
[Date "1999.11.17"]
[Round "?"]
[White "GmCom"]
[Black "Hossa"]
[Result "0-1"]
[WhiteElo "2170"]
[BlackElo "2420"]
[PlyCount "50"]
[EventDate "1999.??.??"]

1. e4 c5 2. c3 d5 3. exd5 Qxd5 4. d4 Nf6 5. Nf3 Nc6 6. Na3 Bg4 7. Be2 cxd4 8.
Nb5 O-O-O 9. Nbxd4 e5 10. Nxc6 Qxc6 11. Qc2 Bc5 12. O-O Qe4 13. Qxe4 Nxe4 14.
h3 Ng3 15. hxg4 Nxe2+ 16. Kh2 h5 17. g5 e4 18. Ng1 Nxc1 19. Raxc1 Rd2 20. Rfe1
Re8 21. f3 Rxb2 22. fxe4 Rxa2 23. Nh3 Bd6+ 24. Kh1 a5 25. Ra1 25... Rxe4 {
GmCom resigns} 0-1

[Event "ICS rated blitz match"]
[Site "204.178.125.65"]
[Date "1999.11.18"]
[Round "?"]
[White "Irishspringer"]
[Black "Hossa"]
[Result "1-0"]
[WhiteElo "2090"]
[BlackElo "2423"]
[Annotator "Hiarcs 7.32 (22s)"]
[PlyCount "155"]
[EventDate "1999.??.??"]

1. d4 1... d5 {Opening = D50 - 4.Bg5 ---} 2. c4 e6 3. Nc3 Nf6 4. Bg5 Bb4 5.
Qa4+ Nc6 6. e3 (6. a3 Bxc3+ 7. bxc3 h6 8. Bxf6 Qxf6 9. cxd5 exd5 10. e3 O-O 11.
Ne2 Qd6 12. Nf4 Re8 13. Be2 13... a6 {
1/2-1/2 Forintos,G-Tompa,J/HUN-chT 1994/TD 94\03 (13)}) 6... Bd7 7. Qc2 h6 8.
Bh4 8... g5 $146 (8... a6 9. cxd5 exd5 10. Nf3 O-O 11. a3 Bxc3+ 12. Qxc3 Qe7
13. Bd3 Rfe8 14. O-O Qe6 15. Nd2 Rac8 16. Nb3 Ne4 17. Bxe4 Qxe4 18. Bg3 b6 19.
Nd2 Qe7 20. Qd3 a5 21. b3 Qf6 22. Rfc1 Re7 23. Rc3 {
Templier,N-Pareshishvili,G/WchJM-U10 Bratislava 1993/TD 93\05/0-1 (77)}) 9. Bg3
h5 10. h3 {Ueberdeckt g4} (10. Nf3 Bxc3+ 11. bxc3 11... h4 $11) 10... Ne4 11.
Nge2 Nxg3 12. Nxg3 12... h4 {Raumvorteil} 13. Nge2 $17 (13. cxd5 $5 {
ist bedenkenswert} 13... exd5 14. Nf5 $11) 13... dxc4 14. a3 (14. Ng1 14... b5
$17) 14... Bf8 15. O-O-O $19 (15. Ne4 15... b5 $17) 15... Na5 16. e4 (16. Kb1
16... Bg7 $17) 16... Qf6 17. f3 Nb3+ (17... Bg7 18. e5 Qh6 19. Kb1 $19) 18. Kb1
O-O-O 19. e5 Qg6 20. Qxg6 fxg6 21. Ne4 Bh6 22. N2c3 22... Bc6 $15 (22... b5 $5
$17 $142) 23. Bxc4 Nxd4 24. Rd3 24... b5 $14 (24... Bxe4 25. Nxe4 Nc6 26. Rhd1
$15) 25. Ba2 Bxe4 26. Nxe4 Rhe8 27. Rhd1 $11 (27. Rc1 27... Bf8 $14) 27... Nc6
28. Nf6 Re7 29. Rxd8+ Nxd8 30. Ng8 Rh7 31. Rd4 31... Bf8 $14 (31... c5 32. Rg4
$11) 32. Nf6 Re7 33. Rg4 Nf7 34. f4 Bg7 35. fxg5 Nxe5 36. Rxh4 36... Nd7 $16 (
36... Kb8 $5 $14 $142 {ist interessant}) 37. Rf4 $11 (37. Ng8 Re8 38. Rh7 Bxb2
39. Kxb2 Rxg8 40. Bxe6 $18) 37... Nc5 $14 (37... Kd8 $5 $11) 38. Kc2 e5 39. Rf1
39... Ne6 $16 (39... e4 40. Nd5 Rd7 41. b4 $14) 40. Bxe6+ $14 (40. Ng8 Nd4+ 41.
Kb1 41... Rd7 $16) 40... Rxe6 41. Kd3 a5 (41... Rd6+ 42. Ke3 Rd8 43. h4 $14)
42. Ke4 42... c6 $18 (42... Bf8 $5 $14 {ist zu ueberlegen}) 43. h4 43... Bf8 {
Schwarz bereitet b4 vor} 44. Rd1 44... b4 $18 (44... Be7 45. g4 Bxf6 46. gxf6
Rxf6 47. Kxe5 $16) 45. axb4 {Weiss haelt das Heft fest in der Hand} 45... Bxb4
(45... axb4 46. g4 46... Bg7 $18) 46. g4 {Will h5 spielen} 46... Be7 (46... Bf8
47. h5 $18) 47. Rf1 (47. h5 gxh5 48. Kf5 Bxf6 49. gxf6 Rxf6+ 50. Kxf6 hxg4 51.
Kxe5 51... Kc7 $18) 47... Rd6 48. Kxe5 (48. h5 $5 $142 {ist genauer} 48... gxh5
49. gxh5 49... Rd2 $18) 48... a4 $2 (48... Rd2 $142 49. Ke6 49... Bd8 $18) 49.
h5 gxh5 50. gxh5 {Der Freibauer g5 fuehrt schnell zu Drohungen} 50... Rd2 51.
Ke6 Re2+ (51... Bb4 {aendert nichts mehr} 52. h6 Bf8 53. Ne4 $18) 52. Kf7 Bb4 (
52... Bxf6 {bot noch bessere Widerstandsmoeglichkeiten} 53. Rxf6 $1 {
logisch und kraftvoll} 53... Kd7 $18) 53. h6 Be7 (53... a3 {
haette noch versucht werden koennen} 54. bxa3 Re7+ 55. Kg8 55... Bd2 $18) 54.
h7 Rh2 55. g6 (55. Kxe7 $142 {entschiede die Partie sofort} 55... Kb7 56. g6
Re2+ 57. Kf7 57... Rh2 $18) 55... Bxf6 56. Rxf6 a3 57. bxa3 Rh1 58. g7 $1 {
Boing!. Mit der Mattdrohung h8Q} 58... Rxh7 59. Kf8 Rxg7 60. Kxg7 {
Mit der Mattdrohung Rxc6} 60... Kb7 61. Rf3 c5 62. Kf6 {Droht Matt: Ke5} 62...
Kc6 63. Ke5 c4 64. Kd4 Kb5 65. Rf5+ (65. Kd5 Kb6 66. Kxc4 Kc6 67. Rd3 Kb6 68.
Rd6+ Kb7 69. Kb5 Kc7 70. Rd5 Kb7 71. Rc5 Ka7 72. Kc6 Ka8 73. Kc7 Ka7 74. Ra5#)
65... Kc6 66. Kxc4 Kd6 67. Kd4 (67. a4 Ke6 68. Rd5 Kf6 69. a5 Kg6 70. a6 Kh6
71. a7 Kh7 72. a8=Q Kg7 73. Qa6 Kh7 74. Rg5 Kh8 75. Qh6#) 67... Ke6 68. Re5+ (
68. Rd5 Kf6 69. a4 Kg6 70. a5 Kh6 71. a6 Kh7 72. a7 Kg7 73. a8=Q Kh7 74. Qa6
Kh8 75. Qa7 Kg8 76. Rd8#) 68... Kf6 69. Kd5 Kf7 70. Kd6 Kf6 71. a4 Kg7 (71...
Kf7 {aendert den traurigen Lauf der Dinge nicht} 72. Re6 Kf8 73. Re7 Kg8 74. a5
Kh8 75. a6 Kg8 76. a7 Kh8 77. a8=Q#) 72. Ke7 Kg6 73. Rd5 Kg7 74. Rg5+ (74. Rd6
Kg8 75. Kf6 Kh8 76. Kg6 Kg8 77. Rd8#) 74... Kh6 75. Kf6 Kh7 76. Kf7 Kh6 77. Re5
Kh7 78. Rh5# 1-0

[Event "ICS rated blitz match"]
[Site "204.178.125.65"]
[Date "1999.11.18"]
[Round "?"]
[White "Hossa"]
[Black "mkarp"]
[Result "0-1"]
[WhiteElo "2395"]
[BlackElo "2211"]
[Annotator "Hiarcs 7.32 (22s)"]
[PlyCount "164"]
[EventDate "1999.??.??"]

1. e4 1... c5 {Opening = B50 - 3.---} 2. Nf3 d6 3. d3 g6 4. Nc3 $146 (4. Be2
Bg7 5. c3 (5. O-O Nf6 6. Re1 O-O 7. Bf1 Nc6 8. c3 e5 9. d4 exd4 10. cxd4 Bg4
11. d5 Nd4 12. Bg5 Bxf3 13. gxf3 h6 14. Bh4 g5 15. Bg3 Nh5 16. Nd2 f5 17. exf5
Rxf5 18. Bd3 Rf8 19. Be4 Qf6 20. Rc1 Rf7 21. Rc3 Raf8 22. Nb3 Nf5 23. Qc2 Qd8
24. Rd3 b5 25. Rdd1 Nhxg3 26. hxg3 Qf6 27. Re2 c4 28. Na5 Nd4 29. Rxd4 Qxd4 30.
Nc6 Qf6 31. g4 Re8 32. Bg6 Rxe2 33. Bxf7+ Kxf7 34. Qxe2 Kf8 35. b3 c3 36. Kg2
Qf7 37. Qxb5 c2 38. Qc4 Qg6 39. Nb4 h5 40. Qxc2 Qxc2 41. Nxc2 h4 42. Nb4 Bc3
43. Nd3 Kf7 44. f4 gxf4 45. Nxf4 Kf6 46. Nd3 Kg5 47. Kh3 Bd2 48. f4+ {
1-0 Zorman,V-Tukmakov,V/Biel op 1994/TD 94\02 (48)}) 5... Nc6 6. Nbd2 (6. O-O
e5 7. a3 (7. a4 Nge7 8. Na3 O-O 9. Bd2 a5 10. Ne1 Be6 11. Nb5 f5 12. Nc2 d5 13.
f3 Qd7 14. Be3 d4 15. cxd4 exd4 16. Bf2 g5 17. Nca3 f4 18. Rc1 b6 19. Nc4 Rab8
20. g4 h5 21. h3 Be5 22. Kg2 Kf7 23. Rh1 Rh8 24. Qc2 Bc7 25. Rcg1 Ng6 26. Kf1
Nge5 27. Nxe5+ Bxe5 28. Na3 Nb4 29. Qd1 c4 30. gxh5 Rxh5 31. h4 Rbh8 32. Be1
cxd3 33. Bxd3 Nxd3 34. Qxd3 Qxa4 35. Rg2 gxh4 36. Rc2 Qb3 37. Qxb3 Bxb3 38. Rc6
R5h6 39. Rxh6 Rxh6 40. Rxh4 Rxh4 41. Bxh4 d3 42. Be7 d2 43. Nc2 43... d1=Q+ {
0-1 Schmidt Schaeffer,S-Epishin,V/Baden Baden op 1990/GER 04 (43)}) 7... a5 8.
a4 Nge7 9. Na3 O-O 10. Nd2 Be6 11. Ndc4 f5 12. Bf3 Rb8 13. Qe2 d5 14. exd5 Bxd5
15. Bg5 Bxf3 16. Qxf3 Qd5 17. Qe2 Nc8 18. Rad1 b6 19. Nb5 h6 20. Bc1 N6a7 21.
Rfe1 Nxb5 22. axb5 Nd6 23. Nxe5 Rbe8 24. f4 Nf7 25. Qf3 Qxf3 26. Nxf3 a4 27.
Bd2 Nd6 28. Ne5 Nxb5 29. Nd7 Rxe1+ 30. Bxe1 Rd8 31. Nxb6 a3 32. bxa3 Nxa3 33.
c4 Nc2 34. Bf2 Bd4 35. Na4 Ne3 36. Re1 Nc2 37. Re2 Nb4 38. Nxc5 Bxc5 39. Bxc5
Nxd3 40. Rd2 40... Kf7 {
Panbukchian,V-Stavrev,N/BUL-ch 1994/TD 94\03/1/2-1/2 (56)}) 6... e6 7. a3 Nge7
8. O-O O-O 9. Rb1 Rb8 10. Qc2 b5 11. Nb3 a5 12. Be3 e5 13. a4 bxa4 14. Nbd2 Bd7
15. Nc4 Qc7 16. Ra1 Nd8 17. Bg5 f6 18. Bd2 18... Ne6 {
Zell,M-Lutz,K/Hessen-ch 1989/GER 02/1-0 (46)}) (4. g3 Bg7 5. Bg2 e6 6. O-O Ne7
7. c3 O-O 8. d4 Nbc6 9. dxc5 dxc5 10. Qe2 Qc7 11. Nbd2 a5 12. a4 b6 13. Re1 Ba6
14. Nc4 Rad8 15. Bf1 h6 16. Qc2 e5 17. Nfd2 Kh7 18. Qb3 18... Rb8 {
Savicevic,V-Lugovoi,A/Leningrad URS-JUG J 1991/EXP 23/1/2-1/2 (70)}) 4... Bg7
5. Bg5 Nc6 6. Be2 Nf6 7. O-O O-O 8. Qd2 Re8 9. Bh6 Bh8 10. Ng5 Nd4 11. Bd1 b5
12. a4 $15 (12. Ne2 Nxe2+ 13. Bxe2 13... Bd7 $11) 12... b4 {
Schwarz erobert Raum} 13. Na2 13... a5 $11 (13... Ng4 $5 {muss erwogen werden}
14. Bxg4 14... Bxg4 $15) 14. c3 Nc6 15. cxb4 $15 (15. Bb3 $5 15... e6 16. Nf3
$11) 15... cxb4 $11 (15... axb4 16. Nc1 $15) 16. Qc1 $17 (16. Rc1 $5 {
ist nicht von der Hand zu weisen} 16... Nd4 17. Nf3 Nxf3+ 18. Bxf3 $15) 16...
Ne5 17. d4 Neg4 18. Bxg4 Nxg4 19. Nf3 Nxh6 20. Qxh6 Bg7 21. Qe3 e5 22. dxe5
dxe5 23. Rac1 Be6 24. b3 {Befestigt c4} 24... Rc8 25. Rxc8 Qxc8 26. Rc1 Qd7 27.
h4 Rc8 28. Rxc8+ Qxc8 29. Ng5 (29. Qd3 29... f6 $15) 29... Qc2 $11 (29... Bh6
$5 $142 30. Qd3 30... Qd7 $17) 30. Nxe6 fxe6 31. Nc1 Bf8 32. Ne2 Bc5 33. Qh3
$15 (33. Qf3 33... Bd4 $11) 33... Kf7 $11 (33... Qxe4 34. Qxe6+ Kg7 35. Qd7+
Kf6 36. Qd8+ Kf7 37. Qxa5 37... Be7 $11) 34. Qf3+ Ke7 35. g4 Bd4 36. Nxd4 exd4
37. e5 37... Qc7 $4 $18 {danach wendet sich das Blatt} (37... Ke8 $11 $142 {
war relativ besser}) 38. Qf6+ Kd7 39. Qf7+ Kd8 (39... Kc8 40. Qxe6+ Kb8 41.
Qg8+ Qc8 42. Qxc8+ 42... Kxc8 $18) 40. Qg8+ Kd7 41. Qxh7+ Kc6 42. Qxg6 (42.
Qxc7+ $142 {machte sofort alles klar} 42... Kxc7 43. h5 $18) 42... Qxe5 43.
Qe8+ Kc7 44. Qa8 $4 $11 {wirft den Vorteil weg} (44. Qh5 $142 {
und aller Vorteil laege nun bei Weiss} 44... Qe1+ 45. Kg2 $18) 44... d3 45.
Qa7+ Kd8 46. Qb6+ Ke7 47. Qb7+ Kd8 48. f4 $17 (48. Kg2 $5 $11 $142 {
steht zur Diskussion}) 48... Qe1+ $11 (48... Qd4+ 49. Kf1 Qxf4+ 50. Ke1 Qe3+
51. Kf1 Qf4+ 52. Ke1 Qe3+ 53. Kf1 Qe2+ 54. Kg1 Qxg4+ 55. Kf2 Qd4+ 56. Ke1 Qe3+
57. Kf1 d2 58. Qb8+ Ke7 59. Qc7+ Kf6 60. Qd8+ Kf5 61. Qf8+ Kg4 62. Qg8+ Kh3 63.
Qg2+ Kxh4 64. Qh1+ Kg4 65. Qg2+ Kf5 66. Qe2 Qf4+ 67. Kg1 Qd4+ 68. Kh2 d1=Q 69.
Qh5+ Qxh5+ 70. Kg2 Qhd1 71. Kg3 Q1g4+ 72. Kh2 Qh8#) 49. Kg2 Qe2+ 50. Kg3 Qe3+
51. Qf3 Qe1+ 52. Kh3 d2 53. Qa8+ Kd7 54. Qb7+ Kd6 55. Qa6+ Kc5 56. Qc8+ $4 $19
{wild schwanken die Waagschalen...} (56. Qc4+ $142 {war der einzige Versuch}
56... Kd6 57. Qd3+ Kc7 58. Qc4+ Kd6 59. Qd4+ Kc6 60. Qc4+ 60... Kd6 $11) 56...
Kd4 {Es droht Matt} 57. Qc4+ Ke3 58. Qc5+ 58... Kf3 $1 {
ganz unerschrocken. Droht Matt: Qh1} 59. Qc6+ 59... Qe4 $1 {
das war die Absicht. Mit der Mattdrohung Qxc6} 60. Qd7 60... Qe2 {Droht Matt}
61. Qb7+ 61... Kf2 {Droht Matt} 62. Qg2+ 62... Ke1 $1 {glaenzend gespielt} 63.
Qg3+ Qf2 64. h5 64... d1=Q $1 {zwingend und schoen} 65. Qxf2+ 65... Kxf2 {
Droht Matt: Qh1} 66. Kh4 66... Qh1+ $19 (66... Qd8+ 67. g5 Qd3 68. h6 Qf5 69.
g6 Kf3 70. g7 Qg4#) 67. Kg5 67... Qd5+ $1 {ein laestiges Schach} 68. Kg6 Qd4 (
68... Qxb3 $142 {und Weiss kann direkt aufgeben} 69. h6 Qc3 70. Kf7 $19) 69.
Kg5 69... Qd8+ $19 (69... Qg7+ 70. Kh4 Kf3 71. g5 Qb2 72. g6 Qg2 73. h6 Qg4#)
70. Kh6 70... Qg8 $1 {kraeftig gespielt. Es droht Matt} 71. g5 71... Kf3 {
Mit der Mattdrohung Kxf4} 72. f5 {Ermoeglicht auch g6} 72... exf5 $19 (72...
Kg4 73. fxe6 Kf5 74. e7 Qh8#) 73. g6 73... Kf4 {Droht Matt: Qh8} 74. g7 74...
Kg4 {Es droht Matt} 75. Kg6 75... Kh4 $19 (75... Qe6+ 76. Kh7 Kxh5 77. Kh8 Qh6+
78. Kg8 Kg6 79. Kf8 Qxg7+ 80. Ke8 Qc7 81. Kf8 Qf7#) 76. h6 76... f4 $19 (76...
Qe6+ 77. Kh7 Kh5 78. Kh8 Kxh6 79. g8=N+ Kg6 80. Nh6 Qf6+ 81. Kg8 Qd8#) 77. Kf6
77... f3 {Droht Matt} 78. Ke5 f2 79. Kd6 f1=Q 80. Ke5 (80. Kd7 {
macht keinen grossen Unterschied} 80... Qd3+ 81. Kc7 Qdxb3 82. h7 Qxg7+ 83. Kd6
Qd1+ 84. Kc6 Qxh7 85. Kb6 Qg6+ 86. Kc7 Qdc2+ 87. Kd7 Qgd3+ 88. Ke6 Qe4+ 89. Kf6
Qcc6+ 90. Kf7 Qh7+ 91. Kf8 Qc8#) 80... Qd3 81. Kf6 (81. h7 {
kann das Vorangegangene nicht ungeschehen machen} 81... Qxg7+ 82. Ke6 Qdd7#)
81... Qdd5 82. Ke7 (82. h7 {hilft allerdings auch nicht} 82... Qgf7#) 82...
Qde6# (82... Qgd8#) 0-1